[Event "EU-chT Seniors 15th"]
[Site "Dresden"]
[Date "2013.07.26"]
[Round "7"]
[White "Weiss, Herbert"]
[Black "Ollek, Karl Heinz"]
[Result "1/2-1/2"]
[WhiteElo "1632"]
[BlackElo "1735"]
[PlyCount "44"]
[EventDate "2013.07.20"]
[EventType "team-swiss"]
[EventRounds "9"]
[EventCountry "GER"]
[SourceTitle "CBM 155 Extra"]
[Source "ChessBase"]
[SourceDate "2013.08.26"]
[SourceVersion "1"]
[SourceVersionDate "2013.08.26"]
[SourceQuality "1"]
[WhiteTeam "Heidenau"]
[BlackTeam "BSW/DBAG II"]
[WhiteTeamCountry "GER"]
[BlackTeamCountry "GER"]

1. e4 Nf6 2. Nc3 e5 3. Nf3 Nc6 4. Bc4 Be7 5. 0-0 0-0 6. Re1 a6 7. a3 b5 8. Bb3 d6 9. Bd5 Bb7 10. d3 Na5 11. Bxb7 Nxb7 12. d4 Nd7 13. d5 f5 14. b4 Nb6 15. Nd2 Qd7 16. Nf3 a5 17. Bg5 Bxg5 18. Nxg5 h6 19. Ne6 Rf6 20. Qh5 f4 21. Qe2 Nc4 22. Reb1 f3 1/2-1/2

[Event "EU-chT Seniors 15th"]
[Site "Dresden"]
[Date "2013.07.22"]
[Round "3"]
[White "Weiss, Herbert"]
[Black "Neumann, Horst"]
[Result "0-1"]
[WhiteElo "1632"]
[BlackElo "1908"]
[PlyCount "65"]
[EventDate "2013.07.20"]
[EventType "team-swiss"]
[EventRounds "9"]
[EventCountry "GER"]
[SourceTitle "CBM 155 Extra"]
[Source "ChessBase"]
[SourceDate "2013.08.26"]
[SourceVersion "1"]
[SourceVersionDate "2013.08.26"]
[SourceQuality "1"]
[WhiteTeam "Heidenau"]
[BlackTeam "Rheinland Mattadore"]
[WhiteTeamCountry "GER"]
[BlackTeamCountry "GER"]

1. f4 d5 2. Nf3 c5 3. d4 Nc6 4. e3 Nf6 5. c3 Qb6 6. Be2 Bg4 7. 0-0 e6 8. Ne5 Bxe2 9. Qxe2 Bd6 10. Nxc6 bxc6 11. Nd2 0-0 12. Nf3 Rab8 13. Ne5 Rb7 14. Qf3 Ne4 15. Ng4 f5 16. Ne5 Bxe5 17. fxe5 c4 18. Qe2 a5 19. Qc2 Qb5 20. Rb1 Rfb8 21. Re1 a4 22. a3 Qa5 23. Bd2 Rb3 24. Rec1 Qb5 25. Be1 Rxb2 26. Rxb2 Qxb2 27. Qd1 Qxa3 28. Ra1 Qb3 29. Qc1 Qb2 30. Qd1 a3 31. Rc1 a2 32. Ra1 Qxa1 33. Qxa1 0-1

[Event "EU-chT Seniors 12th"]
[Site "Dresden"]
[Date "2010.02.15"]
[Round "6"]
[White "Hoeppner, Klaus Dieter"]
[Black "Weiss, Herbert"]
[Result "1/2-1/2"]
[WhiteElo "1643"]
[BlackElo "1642"]
[PlyCount "88"]
[EventDate "2010.02.10"]
[EventType "team-swiss"]
[EventRounds "9"]
[EventCountry "GER"]
[SourceTitle "CBM 134 Extra"]
[Source "ChessBase"]
[SourceDate "2010.03.03"]
[SourceVersion "1"]
[SourceVersionDate "2010.03.03"]
[SourceQuality "1"]
[WhiteTeam "Dresden (Seniors) II"]
[BlackTeam "Heidenau (Seniors)"]
[WhiteTeamCountry "GER"]
[BlackTeamCountry "GER"]

1. d4 d5 2. Bf4 Nf6 3. h3 e6 4. Nf3 Be7 5. e3 c6 6. Nbd2 Nbd7 7. Be2 Ne4 8. c4 Bb4 9. a3 Bxd2+ 10. Nxd2 Ndf6 11. b4 0-0 12. c5 Ne8 13. 0-0 f6 14. Nxe4 dxe4 15. f3 Qd5 16. fxe4 Qd8 17. e5 f5 18. Rb1 Nc7 19. Qe1 Nd5 20. Bg3 Nxe3 21. Rf3 Nd5 22. b5 Bd7 23. a4 b6 24. bxc6 Bxc6 25. Bb5 Rc8 26. Bf2 f4 27. cxb6 axb6 28. Rc1 Bxb5 29. axb5 Rxc1 30. Qxc1 Qc8 31. Qa3 Rd8 32. h4 h6 33. g3 Qc2 34. gxf4 Rf8 35. Bg3 Qd1+ 36. Kg2 Qe2+ 37. Rf2 Qe4+ 38. Kh3 Nxf4+ 39. Rxf4 Rxf4 40. Bxf4 Qxf4 41. Qa8+ Kh7 42. Qg2 Qxd4 43. Qc2+ g6 44. Qe2 Qd5 1/2-1/2

[Event "EU-chT Seniors 12th"]
[Site "Dresden"]
[Date "2010.02.10"]
[Round "1"]
[White "Weiss, Herbert"]
[Black "Schroeder, Christian"]
[Result "0-1"]
[WhiteElo "1642"]
[BlackElo "2071"]
[PlyCount "57"]
[EventDate "2010.02.10"]
[EventType "team-swiss"]
[EventRounds "9"]
[EventCountry "GER"]
[SourceTitle "CBM 134 Extra"]
[Source "ChessBase"]
[SourceDate "2010.03.03"]
[SourceVersion "1"]
[SourceVersionDate "2010.03.03"]
[SourceQuality "1"]
[WhiteTeam "Heidenau (Seniors)"]
[BlackTeam "Mecklenburg Vorpommern Seniors"]
[WhiteTeamCountry "GER"]
[BlackTeamCountry "GER"]

1. f4 d5 2. Nf3 c5 3. d4 cxd4 4. Nxd4 Nf6 5. e3 e6 6. Be2 Ne4 7. Nf3 Bc5 8. c3 0-0 9. 0-0 a6 10. Bd3 f5 11. Qe2 Nd7 12. Nbd2 Nxd2 13. Bxd2 Nf6 14. Ne5 Bd7 15. b4 Ba7 16. a4 Be8 17. a5 Rc8 18. Rac1 Bh5 19. Qf2 Ne4 20. Bxe4 fxe4 21. g4 Be8 22. Qg3 Bb5 23. Rfe1 Bb8 24. Kg2 Bxe5 25. fxe5 Rf3 26. Qxf3 exf3+ 27. Kxf3 Qh4 28. Rg1 Rf8+ 29. Kg2 0-1

[Event "EU-chT Seniors 10th"]
[Site "Dresden"]
[Date "2008.02.18"]
[Round "8.4"]
[White "Weiss, Herbert"]
[Black "Gafke, Manfred"]
[Result "0-1"]
[WhiteElo "1360"]
[BlackElo "1904"]
[PlyCount "88"]
[EventDate "2008.02.11"]
[EventType "team-swiss"]
[EventRounds "9"]
[EventCountry "GER"]
[SourceTitle "CBM 122 Extra"]
[Source "ChessBase"]
[SourceDate "2008.03.04"]
[SourceVersion "1"]
[SourceVersionDate "2008.03.04"]
[SourceQuality "1"]
[WhiteTeam "Heidenau"]
[BlackTeam "Bahn Sozialwerk III"]
[WhiteTeamCountry "GER"]
[BlackTeamCountry "GER"]

1. f4 Nf6 2. Nf3 c5 3. e3 g6 4. Be2 Nc6 5. c3 Bg7 6. 0-0 d6 7. d4 cxd4 8. cxd4 0-0 9. Nc3 e6 10. a3 b6 11. Qe1 Bb7 12. b4 Rc8 13. Bd2 Re8 14. h3 Nd7 15. Rc1 a6 16. Kh1 e5 17. f5 exd4 18. exd4 Nxd4 19. Nxd4 Bxd4 20. fxg6 fxg6 21. Rf4 Be5 22. Rg4 Nf6 23. Rg5 Qd7 24. Bg4 Nxg4 25. Rxg4 Bxc3 26. Qd1 Bxd2 27. Qxd2 Rxc1+ 28. Qxc1 Qe7 29. Qf4 Qe1+ 30. Kh2 Qe5 31. h4 Qxf4+ 32. Rxf4 Kg7 33. Rf2 Re3 34. g3 Rxa3 35. g4 Rc3 36. g5 d5 37. Rf6 Rc6 38. Rf2 d4 39. Rd2 Rd6 40. Kg1 d3 41. Kf2 Be4 42. Ke3 Bf5 43. Ra2 b5 44. Ra3 d2 0-1